Tuna and billfish : fish without a country /

Bibliographic Details
Main Author: Joseph, James, 1930-2009
Corporate Author: Inter-American Tropical Tuna Commission
Other Authors: Klawe, W. L., Murphy, Pat, 1955-
Format: Book
Language:English
Published: La Jolla, Calif. : Inter-American Tropical Tuna Commission, 1980.
Edition:2nd ed.
Subjects:

MARC

Tag First Indicator Second Indicator Subfields
LEADER 00000cam a2200000 a 4500
001 in00000069743
005 20151008054546.0
008 801020s1980 cauab b 00010 engm
010 |a  80081889  
020 |a 0960307818 (pbk.) 
035 |a (OCoLC)06608912 
035 |9 AAJ1015AM 
040 |a DLC  |c DLC  |d m.c.  |d TXA  |d UtOrBLW 
049 |a TXAM  |c [1442130] 
050 0 0 |a QL638.S35  |b J67 1980 
082 0 |a 597/.58  |2 19 
100 1 |a Joseph, James,  |d 1930-2009. 
245 1 0 |a Tuna and billfish :  |b fish without a country /  |c James Joseph, Witold Klawe, Pat Murphy ; paintings by George Mattson. 
250 |a 2nd ed. 
264 1 |a La Jolla, Calif. :  |b Inter-American Tropical Tuna Commission,  |c 1980. 
300 |a vii, 46 pages :  |b illustrations (some color), maps ;  |c 22 x 29 cm. 
336 |a text  |b txt  |2 rdacontent 
337 |a unmediated  |b n  |2 rdamedia 
338 |a volume  |b nc  |2 rdacarrier 
504 |a Bibliography: page 46. 
650 0 |a Tuna. 
650 0 |a Billfishes. 
650 0 |a Fishes  |x Migration  |x Maps. 
700 1 |a Klawe, W. L. 
700 1 |a Murphy, Pat,  |d 1955- 
710 2 |a Inter-American Tropical Tuna Commission. 
999 |a MARS 
999 f f |s 183ad1d4-c416-3f42-a6a0-3ca6a51b44fe  |i f65e7e6f-136e-3aac-a8dc-fb4d1055d0f4  |t 0 
952 f f |p ric  |a Texas A&M University  |b Rellis Campus  |c Joint Library Facility  |d Remote Storage  |t 0  |e QL638.S35 J67 1980  |h Library of Congress classification  |i unmediated -- volume  |m A14806221499 
998 f f |a QL638.S35 J67 1980  |t 0  |l Remote Storage